| 000 | 00922nam a22002057a 4500 | ||
|---|---|---|---|
| 999 |
_c62382 _d62382 |
||
| 003 | Ge_BSU | ||
| 005 | 20241018160941.0 | ||
| 008 | 241018s2001 ge ||||| |||| 00| 0 geo d | ||
| 041 | _ageo | ||
| 080 | _a616.089(075.8) ნ-67 | ||
| 100 |
_aნინუა, ა. _923447 |
||
| 245 |
_aნერვული სნეულებანი : _bსახელმძღვანელო / _c ნ. ნინუა, რ. სიგუა; რედ. ი. მალაშხია. |
||
| 264 |
_aთბილისი : _bგანათლება, _c2001. |
||
| 300 |
_a535 გვ. : _bსურ. ; _c20 სმ. |
||
| 501 | _aსაგნ. საძიებელი: გვ. 526-531. | ||
| 653 | _aნერვული სისტემის დაავადებები | ||
| 653 | _aმედიცინა | ||
| 700 |
_aსიგუა, რ., _eავტორი. _922388 |
||
| 942 |
_2udc _cᲬᲘᲒᲜᲘ |
||